Corporate culture and change : highlights of a conference /

Bibliographic Details
Other Authors: Berman, Melissa A.
Format: Book
Language:English
Published: New York, N.Y. : The Conference Board, [1986]
Series:Conference Board report ; no. 888.
Subjects:

MARC

Tag First Indicator Second Indicator Subfields
LEADER 00000cam a2200000 a 4500
001 in00000024957
005 20151007055652.0
008 880428s1986 nyu b 00000 eng
010 |a  88136203  
020 |a 0823703304 (pbk.) 
035 |a (OCoLC)14472073 
035 |9 AAB8931AM 
040 |a DLC  |c DLC  |d TXA  |d UtOrBLW 
049 |a TXAM  |c [A11667642] 
050 0 0 |a HD58.7  |b .C64 1986 
082 0 |a 302.3/5  |2 19 
245 0 0 |a Corporate culture and change :  |b highlights of a conference /  |c edited by Melissa A. Berman. 
264 1 |a New York, N.Y. :  |b The Conference Board,  |c [1986] 
264 4 |c ©1986 
300 |a v, 65 pages ;  |c 23 cm. 
336 |a text  |b txt  |2 rdacontent 
337 |a unmediated  |b n  |2 rdamedia 
338 |a volume  |b nc  |2 rdacarrier 
490 1 |a Conference Board report ;  |v no. 888 
500 |a "A report from the Conference Board." 
504 |a Includes bibliographical references. 
650 0 |a Corporate culture. 
650 0 |a Organizational change. 
700 1 |a Berman, Melissa A. 
830 0 |a Conference Board report ;  |v no. 888. 
999 |a MARS 
999 f f |s 2da6b549-d4a9-360c-b6b2-111587c426d0  |i ce8a0e62-5b85-37b6-9935-66593d0562e4  |t 0 
952 f f |p ric  |a Texas A&M University  |b Rellis Campus  |c Joint Library Facility  |d Remote Storage  |t 0  |e HD58.7 .C64 1986  |h Library of Congress classification  |i unmediated -- volume  |m A14811667642 
998 f f |a HD58.7 .C64 1986  |t 0  |l Remote Storage